| 000 | 00415nam a2200169 a 4500 | ||
|---|---|---|---|
| 005 | 20140414131914.0 | ||
| 008 | 040117s19uu xx 00 eng d | ||
| 020 | _a | ||
| 050 |
_aER _bL46 1997 |
||
| 100 | _aGeist, Lucy | ||
| 245 | _aLet's go to the fire station. | ||
| 260 |
_aNew York : _bGolden Book, _c1997. |
||
| 300 | _a | ||
| 440 | _a Mickey and friends | ||
| 650 | _a Fire station | ||
| 999 |
_c111339 _d111339 |
||